UM Logo

Include mental health programs in curriculum, DepEd urged/ (Record no. 12498)

MARC details
000 -LEADER
fixed length control field 00377nam a2200121 4500
008 - FIXED-LENGTH DATA ELEMENTS--GENERAL INFORMATION
fixed length control field 190128b ||||| |||| 00| 0 eng d
100 ## - MAIN ENTRY--PERSONAL NAME
9 (RLIN) 35224
Personal name Porcalla, Delon
245 ## - TITLE STATEMENT
Title Include mental health programs in curriculum, DepEd urged/
Statement of responsibility, etc. Delon Porcalla
260 ## - PUBLICATION, DISTRIBUTION, ETC. (IMPRINT)
Place of publication, distribution, etc. Philippines
Name of publisher, distributor, etc. The Philippine Star
Date of publication, distribution, etc. c2018
300 ## - PHYSICAL DESCRIPTION
Extent page 9.
650 #0 - SUBJECT ADDED ENTRY--TOPICAL TERM
9 (RLIN) 35225
Topical term or geographic name as entry element Education.
942 ## - ADDED ENTRY ELEMENTS (KOHA)
Source of classification or shelving scheme Dewey Decimal Classification
Koha item type Periodicals
Holdings
Withdrawn status Lost status Source of classification or shelving scheme Damaged status Not for loan Collection code Home library Current library Date acquired Total Checkouts Date last seen Price effective from Koha item type Public note
    Dewey Decimal Classification     Periodicals UM Digos College - LIC UM Digos College - LIC 01/28/2019   01/28/2019 01/28/2019 Periodicals Newspaper Clippings